Réformer l'orthographe ?

में बचाया:
ग्रंथसूची विवरण
मुख्य लेखक: Michel Arrivé
स्वरूप: पुस्तक
भाषा:Undetermined
प्रकाशित: Paris PUF 1993
विषय:
टैग : टैग जोड़ें
कोई टैग नहीं, इस रिकॉर्ड को टैग करने वाले पहले व्यक्ति बनें!
Thư viện lưu trữ: Trung tâm Học liệu Trường Đại học Cần Thơ
LEADER 00473nam a2200181Ia 4500
001 CTU_56416
008 210402s9999 xx 000 0 und d
082 |a 411 
082 |b A77 
100 |a Michel Arrivé 
245 0 |a Réformer l'orthographe ? 
245 0 |c Michel Arrivé 
260 |a Paris 
260 |b PUF 
260 |c 1993 
650 |a language and languages 
650 |x orthograph and spelling 
980 |a Trung tâm Học liệu Trường Đại học Cần Thơ